000 00543nam a2200181 a 4500
001 000038117
003 DO-SdBNP
005 20250626112917.0
008 130314s1951 sp 000 0 spa d
040 _aDO-SdBNP
_bspa
_cBNPHU
100 1 _aCrusat Prats, Leopoldo
_964492
245 1 0 _aCurso de Ampliación de matemáticas :
_bálgebra superior /
_cLeopolodo Crusat Prats.
250 _a6a. ed.
260 _aBarcelona :
_bBosch Casa Editorial,
_c1951.
300 _a383 p. ;
_c22 cm.
590 _aInventariado, 2019/VM
942 _2ddc
_cLBS1
999 _c37607
_d37607